Most Recognizable Anime of Each Year Quiz (with images) - Statistics

General Stats
  • This quiz has been taken 154 times
  • The average score is 34 of 56
Answer Stats
Picture Hint Answer % Correct
2006 Death Note
99%
2002 Naruto
99%
1999 One Piece
99%
1997 Pokémon
99%
2013 Attack on Titan
98%
2015 One-Punch Man
98%
2004 Bleach
97%
2016 Boku no Hero Academia
97%
2019 Demon Slayer
97%
2011 Hunter x Hunter (2011)
97%
2020 Jujutsu Kaisen
96%
1989 Dragon Ball Z
95%
1992 Sailor Moon
95%
2022 Chainsaw Man
94%
2003 Fullmetal Alchemist
93%
2014 Haikyu!!
92%
1998 Yu-Gi-Oh!
91%
2009 Fairy Tail
89%
1996 Detective Conan
87%
2024 DanDaDan
85%
1995 Neon Genesis Evangelion
79%
2021 Tokyo Revengers
78%
2000 Inuyasha
76%
2012 Jojo's Bizarre Adventure
76%
2025 Sakamoto Days
76%
2023 Oshi no Ko
72%
2018 That Time I Got Reincarnated as a Slime
72%
1993 Slam Dunk
71%
1980 Astro Boy (1980)
70%
1973 Doraemon
64%
2017 Made in Abyss
62%
2007 Tengen Toppa Gurren Lagann
55%
1983 Captain Tsubasa
52%
1971 Lupin III
46%
2008 Inazuma Eleven
45%
1984 Hokuto no Ken
43%
1986 Saint Seiya
42%
1979 Mobile Suit Gundam
37%
1974 Heidi
33%
2001 Shaman King
33%
1987 City Hunter
32%
2005 Mushishi
32%
2010 Bakuman
29%
1981 Dr. Slump
29%
1970 Ashita no Joe
28%
1978 Space Pirate Captain Harlock
25%
1991 Dragon Quest: The Adventure of Dai
24%
1975 UFO Robot Grendizer
20%
1976 Candy Candy
19%
1972 Mazinger Z
15%
1985 Princess Sara
15%
1982 Space Cobra
15%
1990 Nadia: The Secret of Blue Water
12%
1988 Osomatsu-kun (1988)
11%
1977 Nobody's Boy: Remi
10%
1994 DNA²
6%
No matching quizzes found
Score Distribution
Percent of People with Each Score
Percentile by Number Answered
Your Score History
You have not taken this quiz